000 00413nam a2200145Ia 4500
003 GCL
008 140319s9999 xx 000 0 eng d
040 _aGCL /
_cGCL
082 0 4 _a591.594
_bN S
100 1 _aNATIONAL GEOGRAPHIC SOCIETY
245 1 0 _aTHE SECRET WARLD OF ANIMALS /
_cNATIONAL GEOGRAPHIC SOCIETY
260 _a[S.N] :
_bNATIONAL GEOGRAPHIC SOCIETY ،
_c1986
650 0 4 _aANIMALS
942 _2ddc
_cBK
999 _c15493
_d15493